000 00353nam a2200169Ia 4500
999 _c21563
_d21563
003 0100
005 20171108100632.0
008 130303s9999 xx 000 0 und d
040 _cARRUPELIB
050 _aBV4501.2.V21988
100 _aVanier, Jean
_937453
245 4 _aThe Broken Body
260 _aNY
260 _bPaulist Press
300 _a145p
942 0 0 _01
_2lcc
_cMONOGRAPH